000 00376nam a2200133Ia 4500
005 20260326235442.0
008 260326s9999||||xx |||||||||||||| ||und||
100 _aPastrana, Ernesto
245 0 _aPan, techo y poder :
_b El movimiento de pobladores de Chile (1970-1973) /
_cErnesto Pastrana
260 _bEdiciones SIAP
300 _a153 p.
650 _aURBANISMO
942 _cBK
999 _c7430
_d7430